IBMを震え上がらせた男 : 「小説」池田敏雄と富士通コンピュータ野郎たち

সংরক্ষণ করুন:
গ্রন্থ-পঞ্জীর বিবরন
প্রধান লেখক: 柏原久(かしわばら ひさし)
বিন্যাস: গ্রন্থ
ভাষা:Undetermined
প্রকাশিত: 東京 かんき出版 1986
বিষয়গুলি:
ট্যাগগুলো: ট্যাগ যুক্ত করুন
কোনো ট্যাগ নেই, প্রথমজন হিসাবে ট্যাগ করুন!
Thư viện lưu trữ: Trung tâm Học liệu Trường Đại học Cần Thơ
LEADER 00600nam a2200205Ia 4500
001 CTU_95228
008 210402s9999 xx 000 0 und d
082 |a 338.8 
082 |b K19 
100 |a 柏原久(かしわばら ひさし) 
245 0 |a IBMを震え上がらせた男 : 
245 0 |b 「小説」池田敏雄と富士通コンピュータ野郎たち 
245 0 |c 柏原久 
260 |a 東京 
260 |b かんき出版 
260 |c 1986 
650 |a Corporations 
650 |x Japan 
904 |i Ngoc 
980 |a Trung tâm Học liệu Trường Đại học Cần Thơ